00282nam a2200109Ia 4500008004100000100000900041245005500050260003300105650001000138942000700148999001700155190216s9999||||xx |||||||||||||| ||und|| aNull 0aHindi-Vishwasi Ke Bathaban Pathse Shanthi Nikethan bCosmo Publications New Delhi aHindi cBK c15580d15580